| 000 | 01203nam a22003497a 4500 | ||
|---|---|---|---|
| 003 | CHAP | ||
| 005 | 20220817044144.0 | ||
| 008 | 070329d2006 mx r 00110 spa d | ||
| 010 | _a93457 | ||
| 011 | _a94429 | ||
| 020 | _a9684966008 | ||
| 035 | _a105019 | ||
| 040 | _cCHAP | ||
| 082 | 0 | 4 |
_a361.25 _bG6 |
| 100 | 1 |
_aGonzález de la Rocha, Mercedes. _948836 |
|
| 245 | 1 | 0 |
_aProcesos domésticos y vulnerabilidad. Perspectivas antropológicas de los hogares con oportunidades _c/por Mercedes González de la Rocha |
| 260 |
_aMéxico, D. F. : _bCentro de Investigaciones y Estudios Superiores en Antropología Social, _c2006. |
||
| 300 | _a482 p. | ||
| 590 |
_aBATCH-UPD _b10 _c20130110 _lUCH01 _h0817 |
||
| 590 |
_aBATCH-UPD _b10 _c20130410 _lUCH01 _h0454 |
||
| 590 |
_aBATCH-UPD _b10 _c20130914 _lUCH01 _h1340 |
||
| 590 |
_aCONVERSION _b10 _c20130109 _lUCH01 _h1352 |
||
| 650 | 1 | 4 |
_aFamilia. _939405 |
| 650 | 1 | 4 |
_aMéxico _xCondiciones económicas. |
| 650 | 1 | 4 |
_aPobreza. _989463 |
| 650 | 1 | 4 |
_aPolítica social _zMéxico. |
| 650 | 1 | 4 |
_aProyectos de desarrollo. _992528 |
| 901 | _aBK | ||
| 905 | _aLilia | ||
| 942 | _cLIBRO | ||
| 949 |
_a361.25 G6 _bBC _cLIBRO _d33724002023389 _eLIBRO _h108525 _i105019 _sb |
||
| 999 |
_c93457 _d93457 |
||